000 00293nam a22001337a 4500
008 181005b xxu||||| |||| 00| 0 eng d
020 _a0521249198
041 _aeng
080 _a531
100 _a43
101 _aFIZ
245 _aFrom Paracelsus to Newton
_cWebster, Ch
942 _2udc
_cBK
999 _c48888
_d48888